000 00709nam a22002292 4500
001 0000023891
005 20151217152251.0
008 130412s xx 000 0 eng d
020 _a0192622334 :
040 _aKABU
_cKABU
100 1 _aKing, Felicity Savage.
_@0000183659
245 1 0 _aNutrition for developing countries /
_cFelicity Savage King and Ann Burgess.
250 _a2nd ed.
260 _aOxford :
_bO. U. P.,
_c1993.
300 _axv, 461 p.
650 0 _aNutrition.
_@0000155604
650 0 _aNutrition
_zDeveloping countries.
_@0000183660
700 1 _aBurgess, Ann.
_@0000179811
852 1 _9p6860 KES
908 _a130412
950 _@1
999 _c10038
_d10038